[Event "MDA-ch (Women)"]
[Site "Kishinev"]
[Date "2024.02.09"]
[Round "7"]
[White "Ceruta, Alexandra"]
[Black "Laricov, Vlada"]
[Result "1/2-1/2"]
[WhiteElo "1358"]
[BlackElo "1267"]
[PlyCount "64"]
[EventDate "2024.02.03"]
[EventType "swiss"]
[EventRounds "7"]
[EventCountry "MDA"]
[SourceTitle "CB07_2024"]
[SourceDate "2024.02.14"]
[SourceVersion "1"]
[SourceVersionDate "2024.02.14"]
[SourceQuality "1"]

1. e4 g6 2. d4 Bg7 3. Nc3 d6 4. Nf3 Nf6 5. Be2 0-0 6. h3 Nbd7 7. 0-0 e5 8. dxe5 dxe5 9. Bc4 c6 10. a4 Qc7 11. Be3 b6 12. Qb1 a5 13. Qa2 Ba6 14. Bxa6 Rxa6 15. Qc4 Ra7 16. b4 axb4 17. Qxb4 Rfa8 18. Rfb1 Bf8 19. Qb3 Ra6 20. Qc4 Nc5 21. Bxc5 Bxc5 22. Nd2 Qd6 23. Nb3 Bd4 24. Nxd4 Qxd4 25. Qd3 Qxd3 26. cxd3 Nd7 27. Kf1 Nc5 28. Ke2 b5 29. Rb4 Nxa4 30. Nxa4 Rxa4 31. Rbxa4 bxa4 32. Kd2 Kf8 1/2-1/2

[Event "MDA-ch (Women)"]
[Site "Kishinev"]
[Date "2024.02.07"]
[Round "5"]
[White "Golban, Ludmila"]
[Black "Ceruta, Alexandra"]
[Result "0-1"]
[WhiteElo "1580"]
[BlackElo "1358"]
[PlyCount "51"]
[EventDate "2024.02.03"]
[EventType "swiss"]
[EventRounds "7"]
[EventCountry "MDA"]
[SourceTitle "CB07_2024"]
[SourceDate "2024.02.14"]
[SourceVersion "1"]
[SourceVersionDate "2024.02.14"]
[SourceQuality "1"]

1. d4 d5 2. c4 e6 3. Nf3 Nf6 4. Nc3 Be7 5. e3 0-0 6. Bd2 b6 7. cxd5 exd5 8. Bd3 Bb7 9. Ne5 Nbd7 10. f4 Rc8 11. 0-0 c5 12. Rc1 Ne4 13. Qe2 Nxd2 14. Qxd2 Nxe5 15. fxe5 cxd4 16. exd4 Bg5 17. Qc2 Bxc1 18. Rxc1 Qh4 19. Kh1 Qxd4 20. Bxh7+ Kh8 21. Bf5 Rc6 22. Qe2 Rh6 23. Rd1 Qf4 24. Bh3 d4 25. Rf1 Qh4 26. Rf3 0-1

[Event "EU-ch U12 Girls 30th"]
[Site "Antalya"]
[Date "2022.11.07"]
[Round "2"]
[White "Haasova, Timea"]
[Black "Ceruta, Alexandra"]
[Result "1-0"]
[WhiteElo "1645"]
[BlackElo "1264"]
[PlyCount "59"]
[EventDate "2022.11.06"]
[EventType "swiss"]
[EventRounds "9"]
[EventCountry "TUR"]
[SourceTitle "CBM 211 Extra"]
[Source "ChessBase"]
[SourceDate "2023.01.31"]
[SourceVersion "1"]
[SourceVersionDate "2023.01.31"]
[SourceQuality "1"]

1. d4 d5 2. Nf3 e6 3. e3 Nf6 4. Bd3 Bd6 5. 0-0 c5 6. c3 Nc6 7. Nbd2 e5 8. dxe5 Nxe5 9. Nxe5 Bxe5 10. Nf3 Bc7 11. c4 0-0 12. h3 Be6 13. Qc2 h6 14. cxd5 Qxd5 15. e4 Qh5 16. Qe2 g5 17. e5 g4 18. exf6 gxf3 19. Qe4 Qg6 20. Qxf3 Bd5 21. Qxd5 Qxf6 22. Qe4 Qg7 23. Re1 Rad8 24. Bd2 Rd4 25. Qf5 Rd6 26. Bc3 f6 27. Re3 Rc6 28. Re4 Qh7 29. Rg4+ Kh8 30. Qxh7# 1-0